| 000 | 00460nam a2200157 i 4500 | ||
|---|---|---|---|
| 001 | 100365 | ||
| 003 | ES-MaACL | ||
| 005 | 20230906182648.0 | ||
| 007 | t| | ||
| 008 | 050926s1959 sp |||| | spa d | ||
| 100 | 1 |
_aMartiola, Miguel L. _978516 |
|
| 245 | 1 | 0 |
_aSin aroma y sin color _b: (sati-humorismo en tono medio) / _cpor Miguel L. Martiola. |
| 260 |
_aMadrid : _b[s.n.], _c1959 ( _fHéroes) |
||
| 300 |
_a164 p. ; _c21 cm. |
||
| 852 |
_aES-MaACL _jC-16060 |
||
| 999 |
_c100365 _d100365 |
||